000 00505nam a22001697a 4500
003 OSt
005 20241104044109.0
008 241104b |||||||| |||| 00| 0 eng d
040 _cDLC
050 _a658.4 P418I
082 _a658.4 P418I
100 _aPensak, David
_9330
245 _aInnovation for Underdogs:
_bhow to make the leap from what if to now what/
_cby David Pensak with Elisabeth Licorish.
260 _aFranklin Lakes, NJ:
_bThe Career Press,
_c2008.
300 _a224p.
942 _2ddc
_cBK
999 _c11219
_d11219